| 000 -LEADER | |
|---|---|
| fixed length control field | 00288nam a22001337a 4500 |
| 005 - DATE AND TIME OF LATEST TRANSACTION | |
| control field | 20250826103550.0 |
| 008 - FIXED-LENGTH DATA ELEMENTS--GENERAL INFORMATION | |
| fixed length control field | 180727b xxu||||| |||| 00| 0 eng d |
| 022 ## - INTERNATIONAL STANDARD SERIAL NUMBER | |
| ISSN | 0970-CMPDI7204 |
| 110 ## - MAIN ENTRY--CORPORATE NAME | |
| Corporate name or jurisdiction name as entry element | CMPDI |
| 245 ## - TITLE STATEMENT | |
| Title | MINETECH |
| 260 ## - PUBLICATION, DISTRIBUTION, ETC. (IMPRINT) | |
| Place of publication | RANCHI |
| Name of publisher | CMPDI |
| 300 ## - PHYSICAL DESCRIPTION | |
| Number of Pages | 56 |
| 942 ## - ADDED ENTRY ELEMENTS (KOHA) | |
| Koha item type | Journals/Serial |
| Lost status | Damaged status | Home library | Current library | Shelving location | Date acquired | Source of acquisition | Cost, normal purchase price | Accession Number | Koha item type | Collection code | Serial Enumeration / chronology |
|---|---|---|---|---|---|---|---|---|---|---|---|
| JRU Library | Periodicals Section | 27/07/2018 | Purchase | 840.00 | MIN0001 | Journals/Serial | |||||
| JRU Library | Periodicals Section | 24/08/2018 | Purchase | MIN0002 | Journals/Serial | ||||||
| JRU Library | Periodicals Section | 12/11/2018 | Purchase | MIN0003 | Journals/Serial | ||||||
| JRU Library | Periodicals Section | 21/01/2019 | Purchase | MIN0004 | Journals/Serial | ||||||
| JRU Library | JRU Library | Periodicals Section | 22/08/2025 | PURCHASE | MIN0005 | Journals/Serial | JOURNALS | VOL-46, NO-01 [JAN -MARCH] 2025 | |||
| JRU Library | JRU Library | Periodicals Section | 27/01/2026 | PURCHASE | MIN0007 | Journals/Serial | VOI-46, ISSUE-3 [JULY-SEP-2025] |